Литературные произведения по их аннотациям 3 - Statistics

General Stats
  • This quiz has been taken 19 times
  • The average score is 9 of 25
Answer Stats
Аннотация Произведение % Correct
Оживший умывальник радикально борется за чистоту тела ребёнка Мойдодыр
100%
Компанию знающих друг друга с детства близких друзей даже в уже взрослом их возрасте донимает монструозное существо в образе зловещего клоуна Оно
88%
Круглый кусок теста сбегает от своих создателей на лоно природы, где им пытаются полакомиться разные дикие звери средней полосы Колобок
82%
Мальчик из нищей британской семьи получает в подарок от старших на отложенные на чёрный день сбережения плитку шоколада с золотым билетом под упаковкой, дающим ему проход на экскурсию по кондитерскому предприятию крайне эксцентричного магната Чарли и шоколадная фабрика
76%
Молодой картёжник пытается постичь мистический секрет выигрышной комбинации азартной игры Пиковая дама
71%
Сильный и ловкий молодой человек с детства воспитывается в тропических лесах стаей волков Книга джунглей
65%
Самый непоседливый из рода крошечных людей случайно отправляется на ракете в космос, где в недрах холодного небесного тела находит мир, похожий на его родной, но погрязший в пороках перепотребления, коррупции и беспредела Незнайка на Луне
59%
На диком необитаемом острове оказываются подростки, борющиеся за выживание друг с другом, и объединиться их может заставить только страх перед существом из чащи местного леса Повелитель мух
53%
Сильно пьющий советский гражданин едет на электричке со столичного вокзала за пределы области к своей любовнице, попутно переживая внутренний экзистенциальный кризис Москва - Петушки
47%
Умудрённый жизнью талантливый учёный встречает на своём жизненном пути настоящего дьявола во плоти, наглядно демонстрирующего ему судьбы грешников, и оба они пытаются решить, заслуживает ли мир, где те могут существовать, прощения Фауст
47%
Советского фабричного рабочего увольняют из-за его крайней задумчивости, и он в отчаянии идёт умирать в поле за городом, где его находят землекопы из артели, предлагающие присоединиться к копке ямы под фундамент будущего гигантского общего жилища Котлован
41%
Маленький немецкий мальчик из школьного оркестра принимает волевое решение не расти дальше, страшась взрослости Жестяной барабан
24%
Молодой драматург-самоучка из русской знати пытается найти признания у старшего поколения своей постановкой с начинающей актрисой, однако в имении его все поднимают на смех, включая родную мать и дядю, приглашающих для подкрепления своей позиции драматурга именитого Чайка
24%
Французский хирург еврейского происхождения во время нацистской оккупации Европы остаётся в Париже и по долгу службы лечит оккупационную немецкую армию во главе с генералом, имеющим виды на актрису, с которой врач ведёт любовную переписку Триумфальная арка
18%
Обычный француз-горожанин XX века наблюдает пороки общества на их частных примерах, становясь чёрствым настолько, что его не трогает смерть его собственной матери Посторонний
18%
Молодой парень из Северной Ирландии, само существование которого скрывается его отцом-биологом, живёт вместе с ним на небольшом острове и умерщвляет диких пчёл различными способами с помощью ловушки-циферблата больших часов; также в своём детстве главный герой подстроил несколько смертей своих ровесников, что он всю жизнь скрывает Осиная фабрика
18%
Так как Земля стала непригодной для жизни, остатки человечества летят на гигантском космическом корабле к Проксиме Центавра, ближайшему небесному телу, где может в теории существовать жизнь, и во внешних слоях звездолёта из-за слабой защищённости от космической радиации люди приобретают жуткие генетические мутации Пасынки вселенной
18%
Сборник коротких историй из быта советских заключённых в отдалённом сибирском регионе, полного мерзостей и подлостей Колымские рассказы
18%
Даровитый молодой пианист страдает крайне тяжёлым физиологическим недугом, пытаясь вопреки ему раскрыть свой талант Слепой музыкант
18%
Двойственные истории четверых людей, по всем внешним признакам являющихся пациентами столичного психоневрологического диспансера в 90-х, живущими преимущественно в своих галлюцинаторных мирах Чапаев и Пустота
12%
Серия мистических рассказов о некоем культе, доводящем людей до безумия короткой пьесой, одно чтение которой делит жизнь прочитавшего на "до" и "после" Король в жёлтом
12%
Благовоспитанная совсем юная особа из знати попадает под маховик Французской буржуазной революции, пытаясь сохранить свою невинность среди разных слоёв населения, творящих бесчинства друг против друга Жюстина
12%
Крестьянский мальчик пишет письмо своему дедушке, с детской непосредственностью описывая тяготы окружающего его быта простого народа Ванька
12%
Во время Второй мировой войны на одной из баз ВВС США офицерское командование и сами лётчики пытаются спекулировать боевыми вылетами Уловка-22
12%
Укрывшийся от правосудия в Южной Америке после своих зверств нацистский преступник, руководивший бесчеловечными экспериментами в концлагере, перед своей гибелью от рук мстителей из Моссада в подробностях вспоминает свою полную мерзких преступлений жизнь Благоволительницы
6%
No matching quizzes found
Score Distribution
Percent of People with Each Score
Percentile by Number Answered
Your Score History
You have not taken this quiz